• 首页
  • 本馆介绍
  • 公告通知
  • 最新文献
  • 馆藏检索
  • 电子资源
  • 读者导购
  • 参考咨询
  • 我的图书馆
  • 登录
  • 详细信息显示
  • 放入我的书架
  • 预约/预借图书
  • 作者相关作品
  • 分类相关作品
  • 丛书相关作品
  • 出版社相关作品

书目信息

  • 表格格式
  • 工作单格式
  • 卡片格式
题名:
中国古代音乐
    
 
作者: 金开诚 主编 ;甘会云 编著
分册:  
出版信息: 长春   吉林出版集团有限责任公司  2018
页数: 136页
开本: 21cm
丛书名: 中国文化知识读本
单 册:
中图分类: J609.22
科图分类:
主题词: 音乐史--中国--古代
电子资源:
ISBN: 978-7-5463-4986-2
000 01039oam2 2200289 45
001 012001012013
005 20140103151612.0
010    @a978-7-5463-4986-2@dCNY34.80
100    @a20111107d2011 em y0chiy50 ea
101 0  @achi
102    @aCN@b220000
105    @aa z 000yy
106    @ar
200 1  @a中国古代音乐@9zhong guo gu dai yin yue@f金开诚主编@g甘会云编著
210    @a长春@g吉林文史出版社@c吉林出版集团有限责任公司@d2018
215    @a136页@c图@d21cm
225 2  @a中国文化知识读本@9zhong guo wen hua zhi shi du ben
225 2  @a中国古代音乐戏曲@9zhong guo gu dai yin yue xi qu
330    @a本书主要内容包括: 传统文化之中国音乐 ; 民族声乐的起源与发展 ; 鼓吹音乐的演进 ; 琵琶、筝、古琴的起源与发展 ; 洞经音乐的起源等。
461  0 @12001 @a中国文化知识读本
461  0 @12001 @a中国古代音乐戏曲
606 0  @a音乐史@y中国@z古代
690    @aJ609.22@v4
701  0 @a金开诚@9jin kai cheng@4主编
702  0 @a甘会云@9gan hui yun@4编著
801  0 @aCN@b上海新华@c20191020
905    @b1139248-51@dJ609.22@e1071@f4
    
    中国古代音乐/金开诚主编/甘会云编著.-长春(吉林文史出版社):吉林出版集团有限责任公司,2018
    136页:图;21cm.-(中国文化知识读本).-(中国古代音乐戏曲)
    
    
    ISBN 978-7-5463-4986-2:CNY34.80
    本书主要内容包括: 传统文化之中国音乐 ; 民族声乐的起源与发展 ; 鼓吹音乐的演进 ; 琵琶、筝、古琴的起源与发展 ; 洞经音乐的起源等。
●
相关链接 在E读中查询图书 在五车中查询图书 在当当中查询图书 在豆瓣中查询图书


正题名:中国古代音乐     索取号:J609.22/1071         预约/预借

序号 登录号 条形码 馆藏地/架位号 状态 备注
1 1139248   211392483   第一样本阅览室/ [索取号:J609.22/1071] 在馆    
2 1139249   211392492   第一借阅区/ [索取号:J609.22/1071] 在馆    
3 1139250   211392508   第一借阅区/ [索取号:J609.22/1071] 在馆    
4 1139251   211392517   第一借阅区/ [索取号:J609.22/1071] 在馆    
唐山师范学院图书馆 欢迎您!
大连网信软件有限公司© 版权所有